[Event "Tourn. n7883"]
[Site "www.chess-mail.com"]
[Date "2015.01.04"]
[Round "1"]
[White "Guidom"]
[Black "Syd"]
[WhiteElo "2140"]
[BlackElo "2220"]
[Result "1/2-1/2"]
[Round "1"]
1.e4 c5
2.Ng1f3 e6
3.c4 d6
4.Nb1c3 Nb8c6
5.d3 Ng8f6
6.Bc1g5 Bf8e7
7.Bf1e2 h6
8.Bg5h4 a6
9.O-O O-O
10.a3 Ra8b8
11.Qd1c2 b5
12.b3 bxc4
13.bxc4 Nc6d4
14.Nf3xd4 cxd4
15.Nc3b1 Qd8b6
16.Nb1d2 Qb6b2
17.Rf1c1 Bc8d7
18.Be2d1 e5
19.h3 Rf8c8
20.Nd2f3 Qb2xc2
21.Rc1xc2 g5
22.Bh4g3 Bd7a4
23.Rc2d2 Ba4xd1
24.Rd2xd1 Nf6h5
25.Rd1b1 Nh5g7
26.Nf3d2 Ng7e6
27.Kf1 Ne6c5
28.Ke2 Kf8
29.f3 Ke8
30.Bg3e1 Kd7
31.Rb1xb8 Rc8xb8
32.Ra1b1 Rb8xb1
33.Nd2xb1 Nc5a4
34.Be1b4 Kc6
35.g3 Be7d8
36.Kd1 Bd8b6
37.Ke2 Bb6c5
38.Kd2 Bc5b6
39.Kc2 Bb6c5
40.Kb3 Na4b6
41.Nb1d2 Nb6d7
42.g4 Nd7f8
43.Nd2f1 Nf8g6
44.Nf1g3 Ng6f4
45.Kc2 Nf4xh3
46.Ng3e2 Kd7
47.Kd2 a5
48.Bb4xc5 dxc5
49.Ke1 Nh3f4
50.Ne2xf4 gxf4
51.Kf2 Ke6
52.Kg2 Kf6
53.Kh3 Kg5
54.a4 h5
55.gxh5 Kxh5
56.Kg2 Kg5
57.Kh3 f6
58.Kg2 Kh4
59.Kh2 Kh5
{ draw }
1/2-1/2

[Event "Tourn. n7863"]
[Site "www.chess-mail.com"]
[Date "2015.01.04"]
[Round "1"]
[White "Johnmcbride"]
[Black "Anja"]
[WhiteElo "1810"]
[BlackElo "1820"]
[Result "0-1"]
[Round "1"]
1.e4 Ng8f6
2.d3 e5
3.Ng1f3 Nb8c6
4.c3 d5
5.exd5 Nf6xd5
6.c4 Nd5f6
7.h3 Bf8c5
8.a3 a5
9.Bc1d2 O-O
10.Nb1c3 Bc8f5
11.Bf1e2 Bf5xd3
12.Be2xd3 Rf8e8
13.O-O Qd8xd3
14.Nc3b5 Bc5d6
15.Nb5xd6 cxd6
16.Nf3e1 Qd3xc4
17.Ne1c2 Nf6e4
18.Nc2e3 Qc4e6
19.b4 Ne4xd2
20.Qd1xd2 Nc6d4
21.Ra1b1 Qe6g6
22.Ne3d5 Nd4f3
23.Kh1 Nf3xd2
24.Nd5c7 Nd2xb1
25.Nc7xe8 Ra8xe8
{ resign }
0-1

[Event "Tourn. n7939"]
[Site "www.chess-mail.com"]
[Date "2015.01.04"]
[Round "1"]
[White "Blackpool"]
[Black "Mitja"]
[WhiteElo "1840"]
[BlackElo "1910"]
[Result "1-0"]
[Round "1"]
1.d4 d5
2.c4 dxc4
3.Ng1f3 e6
4.e3 b5
5.a4 c6
6.axb5 cxb5
7.b3 cxb3
8.Bf1xb5 Bc8d7
9.Qd1xb3 Ng8f6
10.Bb5xd7 Qd8xd7
11.O-O Bf8e7
12.Bc1a3 { resign }
1-0

[Event "Tourn. n7846"]
[Site "www.chess-mail.com"]
[Date "2015.01.04"]
[Round "1"]
[White "Passaroa25"]
[Black "Georgepapi"]
[WhiteElo "1540"]
[BlackElo "1680"]
[Result "0-1"]
[Round "1"]
1.d3 e5
2.Bc1e3 d5
3.f3 Ng8f6
4.Be3f2 Nb8c6
5.c3 Bf8e7
6.e3 O-O
7.Ng1e2 Rf8e8
8.Ne2g3 Be7c5
9.Nb1d2 Qd8e7
10.Bf1e2 d4
11.O-O dxe3
12.Kh1 exf2
13.Nd2b3 Bc5b6
14.c4 Nc6d4
15.Nb3xd4 Bb6xd4
16.Ra1b1 Bc8d7
17.b3 Bd7c6
18.Ng3e4 Nf6xe4
19.fxe4 Ra8d8
20.a4 Bd4e3
21.b4 Bc6xe4
22.h3 Qe7g5
23.Be2g4 Be4xd3
24.c5 Bd3xf1
25.Qd1xf1 Qg5f4
26.Qf1e2 Rd8d2
27.Qe2f3 Qf4xf3
28.gxf3 Rd2e2
29.Kg2 Re2e1
30.f4 Re1xb1
31.Bg4d7 Rb1g1
32.Kf3 f1Q
33.Kxe3 Rg1g3
34.Ke4 Qf1xf4
{ resign }
0-1

[Event "Tourn. n7868"]
[Site "www.chess-mail.com"]
[Date "2015.01.04"]
[Round "1"]
[White "Derfel83"]
[Black "Anja"]
[WhiteElo "1970"]
[BlackElo "1850"]
[Result "0-1"]
[Round "1"]
1.d4 Ng8f6
2.c4 c5
3.d5 b5
4.cxb5 a6
5.Nb1c3 axb5
6.Nc3xb5 Qd8a5
7.Nb5c3 Bc8b7
8.d6 exd6
9.Bc1d2 Qa5b6
10.e3 Bf8e7
11.Qd1c2 O-O
12.Ng1e2 Nb8c6
13.Nc3a4 Qb6c7
14.b3 Nc6e5
15.Ne2f4 Nf6d5
16.e4 Nd5f6
17.f3 Bb7c6
18.Bf1c4 Ne5xc4
19.Qc2xc4 Bc6xa4
20.bxa4 Rf8e8
21.O-O Ra8a7
22.Bd2c3 Re8a8
 { time }
0-1

[Event "Tourn. n7895"]
[Site "www.chess-mail.com"]
[Date "2015.01.04"]
[Round "1"]
[White "Sargentomeza"]
[Black "Norlavuaram"]
[WhiteElo "2279"]
[BlackElo "2130"]
[Result "0-1"]
[Round "1"]
1.e4 e6
2.d4 d5
3.Nb1c3 Ng8f6
4.e5 Nf6d7
5.f4 Bf8e7
6.Ng1f3 O-O
7.Bc1e3 c5
8.Qd1d2 Nb8c6
9.Bf1e2 a6
10.O-O b5
11.a3 Ra8b8
12.dxc5 Nd7xc5
13.Nf3d4 Nc6xd4
14.Be3xd4 Bc8b7
15.Qd2e3 Rb8c8
16.Be2f3 Qd8c7
17.Rf1f2 Nc5d7
18.Ra1d1 Be7c5
19.Rf2d2 Bc5xd4
20.Rd2xd4 Nd7b6
21.Bf3e2 Qc7c5
 { time }
0-1

[Event "Tourn. n7958"]
[Site "www.chess-mail.com"]
[Date "2015.01.04"]
[Round "1"]
[White "Anja"]
[Black "Bevittsmith"]
[WhiteElo "2000"]
[BlackElo "2260"]
[Result "0-1"]
[Round "1"]
1.d4 Ng8f6
2.Bc1f4 d5
3.e3 g6
4.c4 Bf8g7
5.Nb1c3 c5
6.Ng1f3 O-O
7.dxc5 Nf6e4
8.Nf3d4 Ne4xc3
9.bxc3 e5
10.Nd4b5 exf4
{ resign }
0-1

[Event "Tourn. n7961"]
[Site "www.chess-mail.com"]
[Date "2015.01.04"]
[Round "1"]
[White "Mitja"]
[Black "Anja"]
[WhiteElo "1930"]
[BlackElo "1990"]
[Result "0-1"]
[Round "1"]
1.d4 f5
2.e3 e6
3.Ng1f3 Ng8f6
4.a3 Bf8e7
5.Nb1c3 O-O
6.h3 d6
7.Bc1d2 Qd8e8
8.Bf1d3 b6
9.Nc3b5 Nb8a6
10.Qd1e2 Bc8b7
11.Nb5xd6 cxd6
12.Bd3xa6 Bb7c6
13.Ba6d3 Nf6e4
14.Bd2c1 Qe8g6
15.Rh1g1 Be7h4
16.Bd3xe4 Bh4xf2
17.Qe2xf2 fxe4
18.c3 exf3
19.gxf3 Qg6h5
{ resign }
0-1

[Event "Tourn. n7791"]
[Site "www.chess-mail.com"]
[Date "2015.01.04"]
[Round "1"]
[White "Naujzaid"]
[Black "Korto"]
[WhiteElo "1840"]
[BlackElo "2009"]
[Result "0-1"]
[Round "1"]
1.d4 Ng8f6
2.c4 g6
3.Nb1c3 d5
4.cxd5 Nf6xd5
5.e4 Nd5xc3
6.bxc3 Bf8g7
7.Bf1c4 c5
8.Ng1e2 Nb8c6
9.Bc1e3 O-O
10.O-O cxd4
11.cxd4 Nc6a5
12.Bc4d3 Bc8e6
13.d5 Bg7xa1
14.Qd1xa1 f6
15.Qa1b1 Be6d7
16.Be3h6 Rf8e8
17.e5 Kh8
18.e6 Bd7a4
19.Bd3xg6 hxg6
20.Qb1xg6 Re8g8
21.Qg6h5 Ba4c2
22.f4 Qd8b6
23.Kh1 Bc2g6
24.Qh5h4 Bg6h7
25.f5 Qb6b5
 { time }
0-1

[Event "Tourn. n7948"]
[Site "www.chess-mail.com"]
[Date "2015.01.04"]
[Round "1"]
[White "Bojan"]
[Black "Falcoale"]
[WhiteElo "1910"]
[BlackElo "1920"]
[Result "1-0"]
[Round "1"]
1.c4 c5
2.g3 Nb8c6
3.e3 e6
4.Bf1g2 Ng8f6
5.Ng1e2 Nc6e5
6.Qd1c2 Ra8b8
7.f4 Ne5g6
8.Nb1c3 b6
9.Qc2d3 Bc8a6
10.Nc3b5 Ba6xb5
11.cxb5 Ng6e7
12.b3 d5
13.Bc1b2 Ne7c8
14.h3 Bf8e7
15.Ne2g1 Nc8d6
16.a4 O-O
17.Ng1f3 Nf6e4
18.Nf3e5 Rb8b7
19.Ne5c6 Qd8c7
20.Bb2e5 f6
21.Nc6xe7 Qc7xe7
22.Be5xd6 Ne4xd6
23.Kf2 Rf8d8
24.Qd3e2 Rb7d7
25.d3 c4
26.bxc4 dxc4
27.d4 Rd7c7
28.Rh1c1 f5
29.Qe2b2 Rd8c8
30.Bg2c6 Nd6e4
31.Bc6xe4 fxe4
32.Rc1c3 Qe7f6
33.Ra1c1 e5
34.dxe5 Qf6e6
35.g4 h5
36.Kg3 hxg4
37.hxg4 Qe6d5
38.Qb2c2 Rc7c5
39.Rc1d1 Qd5f7
40.Qc2xe4 Qf7e7
41.Rd1d4 Qe7e6
42.Rd4d6 Qe6e7
43.Qe4g6 Rc8d8
44.Qg6e6 Qe7xe6
45.Rd6xe6 Rd8d1
46.Re6e7 Rd1g1
47.Kf3 Rg1a1
48.Re7xa7 Rc5xb5
49.Rc3xc4 Ra1f1
50.Ke4 Rb5a5
51.Ra7xa5 bxa5
52.g5 { resign }
1-0

[Event "Tourn. n7863"]
[Site "www.chess-mail.com"]
[Date "2015.01.04"]
[Round "1"]
[White "Falcoale"]
[Black "Johnmcbride"]
[WhiteElo "2050"]
[BlackElo "1810"]
[Result "1-0"]
[Round "1"]
1.e4 e5
2.Ng1f3 d6
3.d4 exd4
4.Nf3xd4 c5
5.Nd4f3 Bc8d7
6.Bf1c4 a6
7.Nf3g5 Bd7e6
8.Ng5xe6 fxe6
9.O-O Qd8e7
10.Bc1f4 e5
11.Bf4g3 Ng8f6
12.Nb1c3 b5
13.Bc4d5 Ra8a7
14.f4 Nf6g4
15.Qd1xg4 b4
16.Nc3e2 a5
17.Bg3h4 Qe7c7
18.Qg4e6 Bf8e7
19.fxe5 dxe5
20.Ne2g3 Ra7a6
21.Qe6g4 Ra6g6
22.Qg4h3 Rh8f8
23.Bh4xe7 Rf8xf1
24.Ra1xf1 Qc7xe7
25.Qh3c8 Qe7d8
26.Bd5f7 Ke7
27.Ng3f5 { resign }
1-0

[Event "Tourn. n7803"]
[Site "www.chess-mail.com"]
[Date "2015.01.04"]
[Round "1"]
[White "Falcoale"]
[Black "Naujzaid"]
[WhiteElo "1820"]
[BlackElo "1900"]
[Result "0-1"]
[Round "1"]
1.e4 c5
2.Ng1f3 d6
3.d4 cxd4
4.Nf3xd4 Ng8f6
5.Nb1c3 e6
6.Bf1c4 a6
7.Bc1e3 b5
8.Bc4d3 Bc8b7
9.Qd1d2 Bf8e7
10.O-O-O Nb8c6
11.f3 Qd8a5
12.Nd4xc6 Bb7xc6
13.Kb1 O-O
14.Qd2f2 b4
15.Be3b6 Qa5h5
16.g4 Qh5g5
17.h4 Qg5e5
18.Nc3e2 d5
19.f4 Qe5b8
20.Bb6d4 Nf6xe4
21.Qf2e1 a5
22.g5 a4
23.Ne2g3 Qb8xf4
24.Ng3h5 Qf4c7
25.Bd4xg7 Rf8b8
26.Rh1f1 b3
27.cxb3 axb3
28.a3 Bc6b5
29.Bg7d4 Bb5xd3
30.Rd1xd3 Qc7c2
31.Ka1 Ra8xa3
{ resign }
0-1

[Event "Tourn. n7811"]
[Site "www.chess-mail.com"]
[Date "2015.01.04"]
[Round "1"]
[White "Picifarkinca"]
[Black "Falcoale"]
[WhiteElo "1729"]
[BlackElo "1840"]
[Result "1-0"]
[Round "1"]
1.Ng1f3 Nb8c6
2.g3 e6
3.Bf1g2 d5
4.d4 Ng8f6
5.O-O Bf8d6
6.b3 O-O
7.Bc1b2 a5
8.Nb1d2 Ra8a7
9.c4 Nc6b4
10.c5 Bd6e7
11.a3 Nb4c6
12.Qd1c2 Bc8d7
13.e4 Nf6xe4
14.Nd2xe4 dxe4
15.Qc2xe4 f5
16.Qe4e2 Ra7a8
17.Ra1c1 Bd7e8
18.Qe2xe6 Be8f7
19.Qe6e3 Rf8e8
20.Qe3c3 Be7f6
21.Rc1d1 Qd8e7
22.Rf1e1 Qe7d7
23.Nf3e5 Qd7c8
24.Ne5xc6 bxc6
25.Bg2xc6 Re8xe1
26.Rd1xe1 Ra8a6
27.Bc6g2 c6
28.Qc3d3 Ra6a7
29.Re1e2 Ra7b7
30.Qd3a6 Rb7b8
31.Qa6xc8 Rb8xc8
32.b4 axb4
33.axb4 Bf7c4
34.Re2d2 Bf6g5
35.f4 Bg5f6
36.d5 Bf6xb2
37.Rd2xb2 cxd5
38.Rb2d2 Rc8d8
39.Rd2d4 Kf7
40.Kf2 Ke6
41.Ke3 Rd8b8
42.Kd2 Rb8xb4
43.Bg2xd5 Bc4xd5
44.Rd4xb4 g6
45.Kc3 Kd7
46.Kd4 Bd5e4
47.Rb4b6 Kc7
48.h4 Be4f3
49.Ke5 Bf3e4
50.Kf6 { resign }
1-0

[Event "Tourn. n7985"]
[Site "www.chess-mail.com"]
[Date "2015.01.04"]
[Round "1"]
[White "Anja"]
[Black "Mitja"]
[WhiteElo "2010"]
[BlackElo "1910"]
[Result "1-0"]
[Round "1"]
1.d4 d5
2.Ng1f3 e6
3.Bc1g5 Bf8e7
4.Bg5xe7 Qd8xe7
5.e3 Qe7b4
6.Nb1d2 Qb4xb2
7.Bf1d3 Qb2b4
8.O-O b6
9.Nf3e5 Qb4e7
10.c4 { resign }
1-0

[Event "Tourn. n7975"]
[Site "www.chess-mail.com"]
[Date "2015.01.04"]
[Round "1"]
[White "Bojan"]
[Black "Falcoale"]
[WhiteElo "1960"]
[BlackElo "1880"]
[Result "1-0"]
[Round "1"]
1.c4 Nb8c6
2.Ng1f3 Ng8f6
3.b3 e6
4.d4 Bf8b4
5.Nb1d2 Nf6e4
6.e3 O-O
7.Bf1d3 d5
8.O-O f5
9.Nf3e5 Nc6xe5
10.dxe5 dxc4
11.Bd3xe4 fxe4
12.Nd2xe4 b5
13.bxc4 bxc4
14.Qd1a4 a5
15.Rf1d1 Qd8h4
16.Qa4c6 Ra8a6
17.Qc6xc4 Qh4e7
18.a3 Bc8b7
19.axb4 Ra6c6
20.Qc4b5 Rc6b6
21.Qb5d3 axb4
22.Bc1b2 Bb7d5
23.Ra1a7 Rf8c8
24.Bb2d4 Rb6b8
25.Rd1b1 Rb8a8
26.Bd4c5 Bd5xe4
27.Ra7xa8 Be4xd3
28.Ra8xc8 Kf7
29.Bc5xe7 { resign }
1-0

[Event "Match"]
[Site "www.echecsemail.com"]
[Date "2015.01.04"]
[Round "1"]
[White "Pembertonia"]
[Black "Peck"]
[WhiteElo "1439"]
[BlackElo "1239"]
[Result "0-1"]
[Round "1"]
1.e4 b6
2.f3 g5
3.Ng1h3 d5
4.Nh3xg5 e6
5.b3 Qd8xg5
6.d3 Qg5g7
7.c3 Qg7xc3
8.Nb1xc3 Bf8g7
9.exd5 Bg7xc3
10.Bc1d2 Bc3e5
11.dxe6 Bc8xe6
12.Ra1c1 Be5b2
13.Rc1xc7 Bb2e5
 { time }
0-1

[Event "Match"]
[Site "www.echecsemail.com"]
[Date "2015.01.04"]
[Round "1"]
[White "Nham"]
[Black "Crush"]
[WhiteElo "1499"]
[BlackElo "1730"]
[Result "1-0"]
[Round "1"]
1.e4 e5
2.f4 exf4
3.Bf1c4 d6
4.Ng1f3 Bc8e6
5.Bc4xe6 fxe6
6.d4 Ng8f6
7.Nb1c3 Nb8c6
8.Bc1xf4 Bf8e7
9.O-O O-O
10.Nf3g5 h6
11.Ng5xe6 Qd8d7
12.Ne6xf8 Be7xf8
13.Bf4xh6 gxh6
14.Rf1xf6 Bf8g7
15.Rf6g6 Ra8e8
16.Qd1d3 Nc6b4
17.Qd3d2 Qd7c6
18.a3 Nb4a6
19.Ra1f1 Kh7
20.Rg6g3 b5
21.Rf1f7 b4
22.Rg3xg7 Kh8
23.Qd2xh6 
1-0

[Event "Match"]
[Site "www.echecsemail.com"]
[Date "2015.01.04"]
[Round "1"]
[White "Generalfree"]
[Black "Johnmcbride"]
[WhiteElo "1750"]
[BlackElo "1830"]
[Result "1-0"]
[Round "1"]
1.e4 e5
2.Ng1f3 d6
3.Bf1c4 c6
4.d3 b5
5.Bc4b3 a5
6.a3 a4
7.Bb3a2 h6
8.b3 Bc8e6
9.Bc1b2 Bf8e7
10.g3 Ng8f6
11.Nb1d2 Qd8d7
12.c4 O-O
13.b4 Nb8a6
14.Bb2c3 d5
15.c5 d4
16.Ba2xe6 Qd7xe6
17.Bc3b2 Nf6g4
18.h3 Ng4f6
19.Bb2xd4 exd4
20.Nf3xd4 Qe6d7
21.Nd2f3 Na6c7
22.Nf3e5 Qd7xd4
23.Ne5xc6 Qd4c3
24.Ke2 Be7xc5
25.bxc5 Qc3xc5
26.Nc6b4 Qc5h5
27.g4 Qh5g5
28.f3 Nc7e6
29.Kf2 Qg5c5
30.Kg2 Rf8d8
31.Ra1c1 Ne6f4
32.Kg3 Qc5e5
33.Nb4c6 Nf4xd3
34.Nc6xe5 Nd3xc1
35.Qd1xc1 Ra8c8
36.Qc1b2 Rc8c5
37.Rh1c1 Rc5xc1
38.Qb2xc1 Rd8b8
39.Qc1c7 Rb8e8
40.Qc7xf7 Kh7
41.Ne5d7 Nf6xe4
42.fxe4 Re8xe4
43.Nd7f6 { resign }
1-0

[Event "Match"]
[Site "www.echecsemail.com"]
[Date "2015.01.04"]
[Round "1"]
[White "Schwiizer"]
[Black "Micheles"]
[WhiteElo "2640"]
[BlackElo "2590"]
[Result "1-0"]
[Round "1"]
1.e4 c6
2.d4 d5
3.Nb1c3 dxe4
4.Nc3xe4 Bc8f5
5.Ne4g3 Bf5g6
6.Ng1f3 Nb8d7
7.Bf1d3 Bg6xd3
8.Qd1xd3 Ng8f6
9.Bc1f4 Nf6d5
10.Bf4d2 e6
11.c4 Nd5f6
12.O-O Bf8d6
13.Rf1e1 O-O
14.Ra1c1 h6
15.Bd2c3 Rf8e8
16.Nf3e5 Qd8c7
17.Rc1d1 Ra8d8
18.Qd3f3 c5
19.Ne5xd7 Nf6xd7
20.Ng3h5 g6
21.dxc5 Bd6xh2
22.Kh1 gxh5
23.g3 Bh2xg3
24.Re1g1 Kf8
25.c6 Qc7xc6
26.Bc3b4 Re8e7
27.Rg1xg3 Qc6xf3
28.Rg3xf3 Rd8e8
29.Rd1xd7  { time }
1-0

[Event "Match"]
[Site "www.echecsemail.com"]
[Date "2015.01.04"]
[Round "1"]
[White "Blackpool"]
[Black "Paco"]
[WhiteElo "1720"]
[BlackElo "1950"]
[Result "0-1"]
[Round "1"]
1.c4 e5
2.Nb1c3 Bf8c5
3.e3 Nb8c6
4.Nc3e4 Bc5b4
5.a3 Bb4a5
6.b4 Ba5xb4
7.axb4 b6
8.b5 Nc6e7
9.d4 Bc8b7
10.d5 d6
11.Ng1f3 Ng8h6
12.Bf1e2 O-O
13.O-O Ne7g6
14.Bc1b2 f5
15.Ne4g5 Bb7c8
16.Ng5h3 f4
17.exf4 Bc8xh3
18.gxh3 Ng6xf4
19.h4 Qd8f6
{ resign }
0-1

[Event "Match"]
[Site "www.echecsemail.com"]
[Date "2015.01.04"]
[Round "1"]
[White "Generalfree"]
[Black "Dschelpe"]
[WhiteElo "1730"]
[BlackElo "1399"]
[Result "0-1"]
[Round "1"]
1.e4 e5
2.Ng1f3 Nb8c6
3.Bf1c4 Ng8f6
4.Nf3g5 d5
5.exd5 Nc6a5
6.Bc4b5 c6
7.dxc6 bxc6
8.Bb5a4 Qd8d4
9.Nb1c3 Bf8c5
10.Qd1e2 Nf6g4
11.Nc3e4 f5
12.Ne4xc5 Qd4xc5
13.c3 Na5c4
14.b4 Qc5d5
15.f3 Ng4f6
16.d4 e4
17.Ba4b3 Bc8a6
18.Bc1f4 O-O
19.O-O Ra8e8
20.fxe4 fxe4
21.Rf1f2 e3
22.Rf2f3 Nf6h5
23.Bf4xe3 Rf8xf3
24.Ng5xf3 Re8xe3
25.Qe2xe3 Nc4xe3
26.Bb3xd5 Ne3xd5
27.Ra1c1 Nh5f4
28.Kf2 Nf4d3
{ resign }
0-1

[Event "Match"]
[Site "www.echecsemail.com"]
[Date "2015.01.04"]
[Round "1"]
[White "Guidom"]
[Black "Faerieking"]
[WhiteElo "2060"]
[BlackElo "1499"]
[Result "1/2-1/2"]
[Round "1"]
1.e4 e5
2.Ng1f3 f5
3.Nf3xe5 Nb8c6
4.Qd1h5 g6
5.Ne5xg6 Ng8f6
6.Qh5g5 Rh8g8
7.exf5 hxg6
8.fxg6 Qd8e7
9.Qg5e3 Rg8xg6
10.Qe3xe7 Bf8xe7
11.d3 Nc6d4
12.Kd1 b6
13.Bc1e3 Nd4e6
14.Nb1d2 Nf6d5
15.Rh1g1 Nd5xe3
16.fxe3 Bc8b7
17.g3 O-O-O
18.Bf1g2 Bb7xg2
19.Rg1xg2 d5
20.Ke2 Rd8f8
21.c3 c5
22.Nd2f3 Rg6f6
23.Nf3e5 Kc7
24.Ne5g4 Rf6f5
25.Rg2f2 Rf5xf2
26.Ng4xf2 Be7d6
27.Ra1g1 Ne6g5
28.h4 Ng5f3
29.Rg1g2 d4
30.e4 Nf3e5
31.c4 Rf8f3
32.b3 Rf3e3
33.Kd2 Ne5f3
34.Kd1 Re3e1
35.Kc2 Re1g1
36.Rg2xg1 Nf3xg1
37.g4 Bd6g3
38.Nf2d1 Bg3xh4
39.a3 Ng1f3
40.b4 Nf3e5
41.Nd1b2 Ne5xg4
42.Nb2a4 Kc6
43.b5 Kd6
44.Na4b2 Ng4e3
45.Kd2 Ke5
46.Ke2 Kf4
47.a4 Kg3
48.a5 Bh4d8
49.axb6 axb6
50.Nb2a4 Kf4
51.Na4b2 Bd8c7
52.Nb2a4 Ne3xc4
53.dxc4 Kxe4
54.Na4b2 Bc7f4
55.Nb2d3 Bf4g3
56.Nd3b2 d3
57.Nb2xd3 Kd4
58.Nd3b2 Kc3
59.Nb2a4 Kxc4
60.Na4xb6 Kxb5
61.Nb6d5 Kc4
62.Nd5e3 { draw }
1/2-1/2

[Event "Match"]
[Site "www.echecsemail.com"]
[Date "2015.01.04"]
[Round "1"]
[White "Rindrandria"]
[Black "Ranjachess"]
[WhiteElo "1520"]
[BlackElo "1470"]
[Result "1/2-1/2"]
[Round "1"]
1.d4 d5
2.e3 Bc8f5
3.g4 Bf5g6
4.Bf1g2 Ng8f6
5.Bc1d2 e6
6.b4 Nf6e4
7.f3 Ne4xd2
8.Nb1xd2 Bf8xb4
9.a3 Bb4a5
10.Ng1e2 Qd8d7
11.c3 Bg6d3
12.Ne2f4 Qd7b5
13.Nf4xd3 Ba5xc3
14.Ra1b1 Qb5xd3
15.Bg2f1 Qd3xe3
16.Bf1e2 Qe3xd4
17.Rb1xb7 c5
18.Be2b5 Kf8
19.Ke2 Bc3xd2
20.Qd1xd2 Qd4e5
21.Kf2 c4
22.Rh1e1 Qe5d6
23.Kg2 Nb8c6
24.Bb5xc4 Nc6a5
25.Qd2xa5 dxc4
26.Re1c1 Ra8b8
27.Qa5xa7 Rb8xb7
28.Qa7xb7 Qd6d2
29.Kh3 Qd2xc1
30.Qb7b4 Ke8
31.Qb4b5 Kd8
32.Qb5b8 Kd7
33.Qb8xh8 Qc1xa3
34.Qh8xg7 Qa3xf3
35.Kh4 c3
36.Qg7xh7 Qf3d1
37.Qh7xf7 Kd6
38.Qf7f8 Kd7
39.Qf8g7 Ke8
40.Qg7xc3 Qd1d6
41.h3 e5
42.Qc3c4 Qd6e7
43.g5 Qe7h7
44.Kg3 e4
45.Qc4e6 Kf8
46.g6 Qh7e7
47.Qe6f5 Kg7
48.Qf5h5 Qe7d6
49.Kh4 Qd6xg6
50.Qh5xg6 Kxg6
51.Kg4 Kf6
52.Kf4 e3
53.Kxe3 Kg5
54.Kf3 Kh4
55.Kg2 Kh5
{ draw }
1/2-1/2

[Event "Match"]
[Site "www.echecsemail.com"]
[Date "2015.01.04"]
[Round "1"]
[White "Yakke"]
[Black "Staf"]
[WhiteElo "1770"]
[BlackElo "1160"]
[Result "1-0"]
[Round "1"]
1.e4 g6
2.Ng1f3 c6
3.d4 e6
4.e5 a6
5.Nb1c3 b5
6.b3 Bf8g7
7.Bc1g5 f6
8.exf6 Bg7xf6
9.Nc3e4 Kf7
10.Nf3e5 Ke7
11.Qd1f3 Kf8
12.Ne4xf6 h6
13.Nf6xd7 Ke8
14.Qf3f8 
1-0

[Event "Match"]
[Site "www.echecsemail.com"]
[Date "2015.01.04"]
[Round "1"]
[White "Supernovae"]
[Black "Darknight"]
[WhiteElo "1919"]
[BlackElo "1800"]
[Result "1-0"]
[Round "1"]
1.e4 e5
2.Ng1f3 d6
3.d4 exd4
4.Nf3xd4 h6
5.Nb1c3 c6
6.Bf1c4 Ng8f6
7.O-O g5
8.Rf1e1 Qd8c7
9.Nd4f5 Bc8xf5
10.exf5 Bf8e7
11.Bc4b3 Nb8a6
12.Nc3e4 Nf6xe4
13.Re1xe4 f6
14.Qd1h5 Kd8
15.Bc1d2 Qc7d7
16.Ra1e1 Rh8e8
17.Bb3f7 Re8f8
18.Re4xe7 Qd7xe7
19.Re1xe7 Kxe7
20.Bf7b3 Kd7
21.Qh5xh6 Na6c5
22.Qh6g7 Ke8
23.Qg7g6 Kd8
24.Qg6g7 Nc5d7
25.Bb3e6 Kc7
26.Qg7xd7 Kb6
27.Bd2e3 c5
28.Qd7xd6 Kb5
29.c4 Ka4
30.Qd6xc5 Rf8d8
31.Qc5b5 
1-0

[Event "Match"]
[Site "www.echecsemail.com"]
[Date "2015.01.04"]
[Round "1"]
[White "Cardiff"]
[Black "Geodad5"]
[WhiteElo "2070"]
[BlackElo "2040"]
[Result "0-1"]
[Round "1"]
1.e4 c5
2.Nb1c3 d6
3.f4 Nb8c6
4.Ng1f3 Bc8g4
5.Bf1b5 Qd8c7
6.O-O e6
7.h3 Bg4xf3
8.Qd1xf3 Ng8f6
9.Bb5xc6 Qc7xc6
10.d3 Bf8e7
11.g4 O-O
12.g5 Nf6d7
13.Bc1e3 f6
14.Qf3g2 fxg5
15.fxg5 Nd7e5
16.h4 b5
17.a4 b4
18.Nc3e2 d5
19.exd5 exd5
20.Rf1xf8 Be7xf8
21.b3 d4
22.Qg2xc6 Ne5xc6
23.Be3f2 Bf8d6
24.Ne2g3 Nc6e5
25.Ng3e4 Bd6e7
26.Bf2g3 Ne5g4
27.Bg3f2 h6
28.gxh6 gxh6
29.h5 Ra8f8
30.Ra1f1 Rf8f5
31.Ne4g3 Rf5e5
32.Rf1e1 Re5xe1
33.Bf2xe1 Ng4e3
34.Be1d2 Ne3xc2
35.Bd2xh6 Nc2e1
36.Ng3f5 Be7f6
37.Nf5d6 Ne1xd3
38.Nd6c8 a6
39.Nc8d6 Bf6e7
40.Nd6f5 Kh7
41.Bh6d2 Be7f8
42.Kf1 Nd3e5
43.Bd2f4 Ne5c6
44.Nf5d6 Nc6a5
{ resign }
0-1

[Event "Match"]
[Site "www.echecsemail.com"]
[Date "2015.01.04"]
[Round "1"]
[White "Generalfree"]
[Black "Azulmarino"]
[WhiteElo "1780"]
[BlackElo "1570"]
[Result "1-0"]
[Round "1"]
1.e4 e5
2.Ng1f3 Nb8c6
3.Bf1b5 Ng8f6
4.d3 Bf8c5
5.Bb5xc6 dxc6
6.Nf3xe5 Bc8e6
7.h3 Qd8d4
8.Qd1f3 Qd4xe5
9.Bc1f4 Qe5xb2
10.Bf4e5 Qb2c1
11.Qf3d1 Bc5b4
12.c3 Bb4xc3
13.Nb1xc3 Qc1g5
14.Be5g3 Ra8d8
15.O-O O-O
16.e5 Qg5xe5
17.Bg3xe5 Rd8d7
18.Be5xf6 gxf6
19.Qd1c2 b5
20.f4 Be6f5
21.Rf1d1 b4
22.g4 Bf5g6
23.f5 Bg6xf5
24.gxf5 bxc3
25.Qc2xc3 Rd7d6
26.Qc3a5 Rf8e8
27.Qa5xc7 Rd6d4
28.Qc7xc6 Re8e5
29.Kh1 Rd4h4
30.Rd1g1 Kf8
31.Qc6d6 Re5e7
32.Rg1g3 Rh4h5
33.Ra1g1 { resign }
1-0

[Event "Match"]
[Site "www.echecsemail.com"]
[Date "2015.01.04"]
[Round "1"]
[White "Generalfree"]
[Black "Yakke"]
[WhiteElo "1930"]
[BlackElo "1750"]
[Result "0-1"]
[Round "1"]
1.e4 e5
2.Ng1f3 d6
3.c4 c5
4.g3 Nb8d7
5.Nb1c3 Nd7b6
6.b3 h6
7.Bf1g2 Ng8f6
8.d3 Bf8e7
9.h3 Bc8d7
10.a4 a6
11.a5 Nb6c8
12.g4 Nc8a7
13.Bc1e3 Na7c6
14.O-O O-O
15.Qd1d2 Nc6xa5
16.g5 Na5xb3
17.Qd2b2 Nb3xa1
18.gxf6 Be7xf6
19.Rf1xa1 b6
20.Nc3d5 b5
21.Nf3d2 b4
22.Qb2b3 Bd7c6
23.Nd5xf6 Qd8xf6
24.f3 a5
25.Qb3c2 a4
26.Nd2f1 b3
27.Qc2b2 Rf8b8
28.Nf1d2 a3
29.Ra1xa3 Qf6h4
30.Be3f2 Qh4g5
31.Ra3xa8 Bc6xa8
32.Nd2xb3 Ba8c6
33.Qb2a3 Rb8a8
34.Nb3a5 Qg5d2
35.Na5b3 Qd2c3
36.Qa3c1 Qc3xb3
37.Bf2h4 Qb3xd3
38.Kf2 Ra8a2
39.Kg3 Bc6xe4
40.Bh4e7 d5
41.cxd5 Qd3e2
42.Qc1g1 Qe2d2
43.Kh2 Be4xf3
44.Qg1xc5 Qd2xg2

0-1

[Event "Match"]
[Site "www.echecsemail.com"]
[Date "2015.01.04"]
[Round "1"]
[White "Saidgermany"]
[Black "Maxlou"]
[WhiteElo "1809"]
[BlackElo "1570"]
[Result "1-0"]
[Round "1"]
1.e4 Ng8f6
2.d3 e5
3.Ng1f3 Nb8c6
4.g3 d5
5.exd5 Qd8xd5
6.Bf1g2 Bc8g4
7.O-O O-O-O
8.Nb1c3 Qd5a5
9.Bc1d2 Nc6d4
10.a3 Qa5b6
11.b4 Qb6c6
12.Nf3xd4 Qc6xg2
13.Kxg2 Bg4xd1
14.Rf1xd1 exd4
15.Nc3e4 Nf6xe4
16.dxe4 Bf8e7
17.h4 Be7f6
18.Bd2g5 Bf6xg5
19.hxg5 Rh8e8
20.Rd1h1 Re8xe4
21.Rh1xh7 Rd8g8
22.Ra1d1 b6
23.Kf3 { resign }
1-0

[Event "Match"]
[Site "www.echecsemail.com"]
[Date "2015.01.04"]
[Round "1"]
[White "Jpjohnston"]
[Black "Menace"]
[WhiteElo "1980"]
[BlackElo "2140"]
[Result "0-1"]
[Round "1"]
1.g3 c6
2.Bf1g2 d5
3.d4 Bc8g4
4.Ng1f3 Ng8f6
5.Bc1g5 h6
6.Bg5xf6 exf6
7.h3 Bg4h5
8.Nf3h4 Nb8d7
9.Qd1d3 Qd8b6
10.b3 Bf8d6
11.Qd3e3 Kf8
12.Nh4f5 Ra8e8
13.Qe3xe8 Kxe8
14.Nf5xg7 Kf8
15.Ng7xh5 Bd6b4
16.c3 Qb6xd4
17.O-O Bb4xc3
18.Nb1xc3 Qd4xc3
19.e3 Qc3e5
20.Nh5f4 f5
21.Rf1e1 Nd7f6
22.Ra1d1 Qe5b2
23.Re1e2 Qb2c3
24.Rd1d3 Qc3c1
25.Kh2 h5
26.Re2d2 h4
27.Rd2d1 Qc1b2
28.Rd3d2 Qb2a3
29.Bg2f3 hxg3
30.fxg3 a5
31.Nf4d3 Qa3d6
32.Nd3f4 b5
33.Kg2 b4
34.Rd2c2 Ke7
35.Rd1c1 Rh8c8
36.Rc2c5 Nf6e4
37.Rc5xa5 Ne4c3
38.a4 Qd6c7
39.Bf3xd5 Qc7xa5
{ resign }
0-1

[Event "Match"]
[Site "www.echecsemail.com"]
[Date "2015.01.04"]
[Round "1"]
[White "Generalfree"]
[Black "Nestor"]
[WhiteElo "1870"]
[BlackElo "2060"]
[Result "0-1"]
[Round "1"]
1.e4 Ng8f6
2.e5 Nf6d5
3.d4 d6
4.c4 Nd5b6
5.f4 dxe5
6.fxe5 g6
7.b3 Bf8g7
8.Bc1e3 O-O
9.h3 Bc8f5
10.g4 Bf5e4
11.Ng1f3 Nb8c6
12.c5 Nb6d5
13.Qd1e2 Nc6b4
14.Nb1a3 Nb4d3
15.Kd2 c6
16.Bf1g2 Qd8a5
{ resign }
0-1

[Event "Match"]
[Site "www.echecsemail.com"]
[Date "2015.01.04"]
[Round "1"]
[White "Generalfree"]
[Black "Derfel83"]
[WhiteElo "1840"]
[BlackElo "1950"]
[Result "1-0"]
[Round "1"]
1.e4 e6
2.f4 g5
3.fxg5 Qd8xg5
4.g3 Ng8f6
5.d3 Qg5g7
6.Bf1e2 d6
7.b3 Nf6xe4
8.d4 Rh8g8
9.Qd1d3 d5
10.Be2f3 Nb8c6
11.Bf3xe4 dxe4
12.Qd3xe4 Nc6xd4
13.c3 f5
14.Qe4xd4 Qg7xd4
15.cxd4 Rg8g4
16.Ng1f3 Rg4e4
17.Kf2  { time }
1-0

[Event "Match"]
[Site "www.echecsemail.com"]
[Date "2015.01.04"]
[Round "1"]
[White "Gambitmiau"]
[Black "Darknight"]
[WhiteElo "1770"]
[BlackElo "1790"]
[Result "0-1"]
[Round "1"]
1.e4 e5
2.d4 Qd8e7
3.Bf1c4 Qe7b4
4.Nb1d2 exd4
5.Qd1f3 Qb4e7
6.Nd2b3 h6
7.Nb3xd4 Ng8f6
8.Bc4d3 d5
9.Qf3g3 dxe4
10.Bd3e2 Qe7b4
11.c3 Qb4c5
12.Bc1e3 Qc5a5
13.Nd4b5 Nf6d5
14.Ng1h3 Bc8e6
15.Be3d4 Rh8g8
16.O-O c6
17.b4 Qa5d8
18.Nb5xa7 c5
19.Na7b5 cxd4
20.c4 Nd5c3
21.Nb5xc3 dxc3
22.Qg3xc3 g5
23.Ra1d1 Qd8c8
24.f4 g4
25.Nh3f2 g3
26.Nf2xe4 gxh2
27.Kxh2 Bf8e7
28.a3 Qc8c6
29.Be2f3 Be6f5
30.Ne4g3 Qc6g6
31.Bf3xb7 Ra8a7
32.Bb7d5 Be7f6
33.Qc3e3 Ra7e7
34.Qe3f2 Bf6h4
35.Rd1d3 Bf5xd3
36.Qf2f3 Bh4xg3
37.Kg1 Bd3xf1
38.Qf3xf1 Re7e1
{ resign }
0-1